| 000 | 00723nam a2200193Ia 4500 | ||
|---|---|---|---|
| 008 | 100122s9999 xx 000 0 und d | ||
| 082 |
_b2318 _a330 |
||
| 100 | _aकरंदीकर ज स | ||
| 245 | _aकौटिल्य अर्थशास्त्र | ||
| 250 | _a0 | ||
| 260 |
_bगजानन रघुनाथ मुळे _c1924 |
||
| 300 | _a250 | ||
| 520 | _aकौटिलीय अर्थशास्त्र | ||
| 620 | _aकौटिलीय अर्थशास्त्र | ||
| 630 | _aकौटिल्य अर्थशास्त्र | ||
| 700 | _aहिरगावकर ब रा | ||
| 730 | _aकौटिल्य अर्थशास्त्र | ||
| 942 | _cBOOK | ||
| 999 |
_c396724 _d396721 |
||